000 00329nam a22001337a 4500
005 20260203120335.0
008 260203b |||||||| |||| 00| 0 eng d
020 _a978000705011
_qpbk
041 _aeng
082 _a305.42
_bGRE
100 _aGreer, Germaine
245 _aThe Female Eunugh
_c/Greer, Germaine
942 _cENGLISH
999 _c610002
_d610002